| 000 | 00469cam a2200169ua 4500 | ||
|---|---|---|---|
| 001 | 6606 | ||
| 008 | 140107n ii |||gr||||Z||||||eng | ||
| 020 | _a81-8324-297-9 | ||
| 040 | _cMAIN | ||
| 082 | _a336.24 | ||
| 245 | 1 | 1 |
_aValue added tax in North-East India _cBy Ram Krishna Mandal |
| 260 |
_aNew delhi: _bA Mittal publications, _c2009. |
||
| 653 | _aCommerce | ||
| 653 | _aValue added tax in North-East India | ||
| 700 | 1 |
_aMandal,Ram Krishna, _eAuthor. |
|
| 942 | _cBK | ||
| 999 |
_c5755 _d5755 |
||